E-form speeds application (Record no. 72486)
[ view plain ]
| 000 -LEADER | |
|---|---|
| fixed length control field | 01069cam a2200217 4500 |
| 001 - CONTROL NUMBER | |
| control field | ABS66645 |
| 008 - FIXED-LENGTH DATA ELEMENTS--GENERAL INFORMATION | |
| fixed length control field | 030411n2003 000 0 eng u |
| 035 ## - SYSTEM CONTROL NUMBER | |
| System control number | (Sirsi) u121963 |
| 245 ## - TITLE STATEMENT | |
| Title | E-form speeds application |
| 260 ## - PUBLICATION, DISTRIBUTION, ETC. | |
| Date of publication, distribution, etc. | 2003 |
| 490 ## - SERIES STATEMENT | |
| Series statement | Farmers' Weekly |
| Volume/sequential designation | 138(14) 4 April 2003, 52(1) |
| 520 ## - SUMMARY, ETC. | |
| Summary, etc. | Given the growing use of IT, describes how to submit IACS forms electronically to the Rural Payments Agency and advises on the hardware and software required. Lists the improvements by submitting the IACS form in this way and also the advantages. User support is available from the e-IACS help desk on t +44 (0)45 6013482, [email protected]. Also available is a booklet, "How to submit your claim electronically" either by downloading from www.rpa.gov.uk or by post. |
| 590 ## - LOCAL NOTE (RLIN) | |
| Local note | ABS |
| 650 ## - SUBJECT ADDED ENTRY--TOPICAL TERM | |
| Topical term or geographic name entry element | INTEGRATED ADMINISTRATION AND CONTROL SYSTEM |
| 650 ## - SUBJECT ADDED ENTRY--TOPICAL TERM | |
| Topical term or geographic name entry element | IACS FORMS |
| 650 ## - SUBJECT ADDED ENTRY--TOPICAL TERM | |
| Topical term or geographic name entry element | IACS DOCUMENTATION |
| 650 ## - SUBJECT ADDED ENTRY--TOPICAL TERM | |
| Topical term or geographic name entry element | ELECTRONIC DOCUMENTS |
| 650 ## - SUBJECT ADDED ENTRY--TOPICAL TERM | |
| Topical term or geographic name entry element | ELECTRONIC DOCUMENT TRANSFER |
| 690 ## - LOCAL SUBJECT ADDED ENTRY--TOPICAL TERM (OCLC, RLIN) | |
| Topical term or geographic name as entry element | RURAL-FARM BUSINESS MANAGEMENT |
| 942 ## - ADDED ENTRY ELEMENTS (KOHA) | |
| Suppress in OPAC | 0 |
| Withdrawn status | Lost status | Source of classification or shelving scheme | Damaged status | Not for loan | Home library | Current library | Shelving location | Date acquired | Total Checkouts | Full call number | Barcode | Date last seen | Copy number | Price effective from | Koha item type |
|---|---|---|---|---|---|---|---|---|---|---|---|---|---|---|---|
| Dewey Decimal Classification | London | London | Journal article | 11/04/2003 | ABS66645 | 121963-1001 | 06/08/2019 | 1 | 06/08/2019 | Journal article |